| 000 | 00440pab a2200157 454500 | ||
|---|---|---|---|
| 008 | 180718b1996 xxu||||| |||| 00| 0 eng d | ||
| 100 | _aLondero, Elio | ||
| 245 | _aIndustrialisation and the factor content of Latin American export of manufactures | ||
| 260 | _c1996 | ||
| 300 | _ap.581-601 | ||
| 362 | _aApr | ||
| 650 | _aIndustrial development | ||
| 700 | _aTeitel, Simon | ||
| 773 | _aJournal of Development Studies | ||
| 909 | _a33841 | ||
| 999 |
_c33841 _d33841 |
||